Just like Josh Gibson / (Record no. 2431)

MARC details
000 -LEADER
fixed length control field 01257cam a2200289 a 4500
005 - DATE AND TIME OF LATEST TRANSACTION
control field 20250512154008.0
020 ## - INTERNATIONAL STANDARD BOOK NUMBER
International Standard Book Number 9780545522700
040 ## - CATALOGING SOURCE
Original cataloging agency DLC
Transcribing agency DLC
Modifying agency DLC
Language of cataloging eng
050 00 - LIBRARY OF CONGRESS CALL NUMBER
Classification number PZ7.J629
082 00 - DEWEY DECIMAL CLASSIFICATION NUMBER
Classification number 426
100 1# - MAIN ENTRY--PERSONAL NAME
Personal name Johnson, Angela
Dates associated with a name 1961-
245 10 - TITLE STATEMENT
Title Just like Josh Gibson /
Statement of responsibility, etc. written by Angela Johnson, illustrated by Beth Peck
260 ## - PUBLICATION, DISTRIBUTION, ETC.
Place of publication, distribution, etc. New York :
Name of publisher, distributor, etc. Scholastic,
Date of publication, distribution, etc. 2004
300 ## - PHYSICAL DESCRIPTION
Extent 30 unnumbered pages :
Other physical details Color illustrations ;
Dimensions 28 cm
505 ## - FORMATTED CONTENTS NOTE
Formatted contents note S <br/>
520 ## - SUMMARY, ETC.
Summary, etc. Grandmama could hit the ball a mile, catch anything that was thrown, and do everything else -- just like Josh Gibson. But unfortunately, no matter how well a girl growing up in the 1940s played the game of baseball, she would have faced tremendous challenges. These challenges are not unlike those met by the legendary Josh Gibson, arguably the best Negro-League player to never make it into the majors. In a poignant
521 ## - TARGET AUDIENCE NOTE
Target audience note 790 <br/>
Source Lexile <br/>
521 ## - TARGET AUDIENCE NOTE
Target audience note S <br/>
Source Raz-Plus <br/>
650 #1 - SUBJECT ADDED ENTRY--TOPICAL TERM
Topical term or geographic name entry element Sex role
Form subdivision Fiction.
650 #1 - SUBJECT ADDED ENTRY--TOPICAL TERM
Topical term or geographic name entry element Baseball
Form subdivision Fiction.
650 #1 - SUBJECT ADDED ENTRY--TOPICAL TERM
Topical term or geographic name entry element Grandmothers
Form subdivision Fiction.
650 #1 - SUBJECT ADDED ENTRY--TOPICAL TERM
Topical term or geographic name entry element African Americans
Form subdivision Fiction.
700 1# - ADDED ENTRY--PERSONAL NAME
Personal name Peck, Beth
Relator term illustrator
906 ## - LOCAL DATA ELEMENT F, LDF (RLIN)
a 7
b cbc
c orignew
d 1
e ocip
f 20
g y-gencatlg
942 ## - ADDED ENTRY ELEMENTS (KOHA)
Source of classification or shelving scheme Dewey Decimal Classification
Koha item type Books
Suppress in OPAC No
999 ## -
-- 2431
-- 2431
Holdings
Withdrawn status Lost status Source of classification or shelving scheme Damaged status Not for loan Collection Home library Current library Shelving location Date acquired Total Checkouts Full call number Barcode Date last seen Copy number Price effective from Koha item type
    Dewey Decimal Classification     Fiction Footprints International School Library Network Toul Kork Campus Footprints International School Library Network Toul Kork Campus A TK Campus, 4th Floor, Room B401, Fiction Bookcases (1-6) 12/13/2023   JOH Fic PZ7.J629 FIS02085 12/07/2023 2 12/13/2023 Books
    Dewey Decimal Classification     Fiction Footprints International School Library Network Toul Tom Poung Campus Footprints International School Library Network Toul Tom Poung Campus TTP Secondary Fiction Bookshelves 12/07/2023   JOH Fic PZ7.J629 FISBK05703 12/07/2023 1 12/07/2023 Books
    Dewey Decimal Classification     Fiction Footprints International School Library Network Toul Tom Poung Campus Footprints International School Library Network Toul Tom Poung Campus TTP Secondary Fiction Bookshelves 04/22/2025   JOH Fic PZ7.J629 2025-1072 04/22/2025 3 04/22/2025 Books